[Event "HUN-chT2 Charousek 1819"]
[Site "Hungary"]
[Date "2018.12.02"]
[Round "5.10"]
[White "Marton, Jozsef"]
[Black "Fodor, Tamas Sr"]
[Result "1-0"]
[WhiteElo "2060"]
[BlackElo "2002"]
[PlyCount "91"]
[EventDate "2018.09.23"]
[EventType "team-tourn"]
[EventRounds "11"]
[EventCountry "HUN"]
[SourceTitle "CBM 189 Extra"]
[Source "ChessBase"]
[SourceDate "2019.06.03"]
[SourceVersion "1"]
[SourceVersionDate "2019.06.03"]
[SourceQuality "1"]
[WhiteTeam "Tapolca Varosi"]
[BlackTeam "Paks ASE II"]
[WhiteTeamCountry "HUN"]
[BlackTeamCountry "HUN"]

1. Nf3 Nf6 2. d4 e6 3. Bf4 Be7 4. e3 0-0 5. Bd3 b6 6. Nbd2 Bb7 7. c3 d6 8. h3 Nbd7 9. Bg3 Re8 10. 0-0 Qc8 11. e4 Nf8 12. Qe2 N6d7 13. Rac1 a5 14. Rfd1 Ba6 15. c4 Ng6 16. h4 Qd8 17. h5 Ngf8 18. e5 Bb7 19. Ne4 d5 20. Nc3 c6 21. Bf4 Ba6 22. b3 Rc8 23. Qb2 Nb8 24. a3 h6 25. Ne2 Qd7 26. Be3 b5 27. c5 b4 28. a4 Bxd3 29. Rxd3 Qd8 30. Qd2 Kh7 31. Nf4 Nbd7 32. g4 Rc7 33. Nh3 f6 34. Bf4 Rb7 35. Re3 fxe5 36. Nxe5 Nxe5 37. Bxe5 Kg8 38. f4 Nh7 39. Rce1 Qd7 40. Qg2 Bd8 41. g5 hxg5 42. fxg5 Qc8 43. h6 g6 44. Qc2 Nf8 45. Rf1 Kh7 46. Ref3 1-0

[Event "HUN-chT2 Charousek 1213"]
[Site "Hungary"]
[Date "2012.09.16"]
[Round "1"]
[White "Nagy, Kristof"]
[Black "Fodor, Tamas Sr"]
[Result "0-1"]
[WhiteElo "2058"]
[BlackElo "1987"]
[PlyCount "62"]
[EventDate "2012.09.16"]
[EventType "team-tourn"]
[EventRounds "11"]
[EventCountry "HUN"]
[SourceTitle "EXT 2014"]
[Source "ChessBase"]
[SourceDate "2013.11.20"]
[SourceVersion "1"]
[SourceVersionDate "2013.11.20"]
[SourceQuality "1"]
[WhiteTeam "Csuti"]
[BlackTeam "Paks II"]
[WhiteTeamCountry "HUN"]
[BlackTeamCountry "HUN"]

1. e4 e6 2. d3 d5 3. Nd2 Nf6 4. Ngf3 b6 5. e5 Nfd7 6. d4 Be7 7. Bd3 Ba6 8. Qe2 Qc8 9. 0-0 0-0 10. c3 c5 11. a3 Bxd3 12. Qxd3 Qa6 13. Qe3 Nc6 14. Rb1 c4 15. Ne1 Qa4 16. f4 f5 17. exf6 Rxf6 18. Ndf3 Bd6 19. Qe2 Raf8 20. Nc2 Nd8 21. g3 Nf7 22. Ne3 Nh6 23. Nh4 R6f7 24. f5 exf5 25. Nxd5 f4 26. Qe6 fxg3 27. Bxh6 gxh2+ 28. Kh1 Qc2 29. Rxf7 Rxf7 30. Rf1 Qe4+ 31. Qxe4 Rxf1+ 0-1

[Event "HUN-chT2 Charousek 1112"]
[Site "Hungary"]
[Date "2011.09.25"]
[Round "1"]
[White "Bokros, Istvan"]
[Black "Fodor, Tamas Sr"]
[Result "1-0"]
[WhiteElo "2186"]
[BlackElo "2012"]
[PlyCount "67"]
[EventDate "2011.09.25"]
[EventType "team-tourn"]
[EventRounds "11"]
[EventCountry "HUN"]
[SourceTitle "EXT 2013"]
[Source "ChessBase"]
[SourceDate "2012.11.22"]
[SourceVersion "1"]
[SourceVersionDate "2012.11.22"]
[SourceQuality "1"]
[WhiteTeam "Penzugyor II"]
[BlackTeam "Paks II"]
[WhiteTeamCountry "HUN"]
[BlackTeamCountry "HUN"]

1. e4 e6 2. d4 d5 3. Nc3 Bb4 4. e5 c5 5. a3 Bxc3+ 6. bxc3 Ne7 7. Qg4 Qc7 8. Qxg7 Rg8 9. Qxh7 cxd4 10. Ne2 Nbc6 11. f4 Bd7 12. Rb1 dxc3 13. Qd3 d4 14. Nxd4 Nxd4 15. Qxd4 a6 16. Qb6 Qxb6 17. Rxb6 Bc6 18. Rb3 Nd5 19. Rg1 0-0-0 20. Bd3 Rg7 21. Kf2 Rdg8 22. Be4 Nxf4 23. Bxc6 Nh3+ 24. gxh3 Rxg1 25. Bxb7+ Kc7 26. Be3 R1g6 27. Bf3 f6 28. Rxc3+ Kd7 29. Bc6+ Ke7 30. Be4 f5 31. Bf3 Rh8 32. Rc7+ Kd8 33. Bb6 Rgh6 34. Bc6 1-0

[Event "HUN-chT2 Charousek 0910"]
[Site "Hungary"]
[Date "2009.11.22"]
[Round "2"]
[White "Fodor, Tamas Sr"]
[Black "Posa, Norbert"]
[Result "0-1"]
[WhiteElo "2024"]
[BlackElo "2163"]
[PlyCount "62"]
[EventDate "2009.11.08"]
[EventType "team-tourn"]
[EventRounds "11"]
[EventCountry "HUN"]
[SourceTitle "EXT 2011"]
[Source "ChessBase"]
[SourceDate "2010.11.26"]
[SourceVersion "1"]
[SourceVersionDate "2010.11.26"]
[SourceQuality "1"]
[WhiteTeam "Paks II"]
[BlackTeam "Hobagoly"]
[WhiteTeamCountry "HUN"]
[BlackTeamCountry "HUN"]

1. d4 Nf6 2. c4 e6 3. Nc3 b6 4. e4 Bb7 5. Bd3 Bb4 6. Qc2 d5 7. cxd5 exd5 8. e5 Ne4 9. Nf3 0-0 10. 0-0 Bxc3 11. bxc3 c5 12. Re1 cxd4 13. cxd4 Na6 14. Qa4 Nc7 15. Qb4 Rc8 16. a4 Re8 17. a5 Re6 18. Qb2 Rc6 19. axb6 Rxb6 20. Qe2 a6 21. Nd2 Ne6 22. Qe3 Rb4 23. Nf3 Qb6 24. Ba3 Rb3 25. Bd6 Rcc3 26. Rab1 a5 27. Red1 Ba6 28. Rxb3 Rxb3 29. h3 Rxd3 30. Rxd3 Qb1+ 31. Qe1 Bxd3 0-1

[Event "HUN-chT2 Charousek 0910"]
[Site "Hungary"]
[Date "2009.11.08"]
[Round "1"]
[White "Fodor, Tamas Sr"]
[Black "Halasz, Attila"]
[Result "0-1"]
[WhiteElo "2024"]
[BlackElo "2170"]
[PlyCount "114"]
[EventDate "2009.11.08"]
[EventType "team-tourn"]
[EventRounds "11"]
[EventCountry "HUN"]
[SourceTitle "EXT 2011"]
[Source "ChessBase"]
[SourceDate "2010.11.26"]
[SourceVersion "1"]
[SourceVersionDate "2010.11.26"]
[SourceQuality "1"]
[WhiteTeam "Paks II"]
[BlackTeam "Pannonpower"]
[WhiteTeamCountry "HUN"]
[BlackTeamCountry "HUN"]

1. d4 Nf6 2. c4 e6 3. Nc3 d5 4. cxd5 exd5 5. Bg5 Be7 6. Qc2 c6 7. e3 Bg4 8. Bd3 Nbd7 9. Nge2 Nf8 10. 0-0 Ng6 11. Rab1 Nh5 12. Bxe7 Qxe7 13. Kh1 0-0 14. b4 a6 15. Na4 Rad8 16. Nc5 Bc8 17. Qd2 f5 18. g3 Rd6 19. Rbe1 Qg5 20. Rg1 Nf6 21. Nf4 Ne7 22. Qe2 Qh6 23. Qf1 g5 24. Ne2 Ng4 25. Rg2 Ng6 26. Qg1 Nf6 27. Bc2 Ne4 28. Nd3 Nd2 29. Rc1 Nf3 30. Qd1 f4 31. Ng1 Nxg1 32. Rxg1 f3 33. Ne1 Qh5 34. e4 dxe4 35. Bxe4 g4 36. Bxg6 Rxg6 37. h4 Be6 38. Qd2 Qd5 39. a3 Rd8 40. Nc2 Bf7 41. Rgd1 Re8 42. Ne3 Qe4 43. Qc3 h6 44. Qc5 Rd8 45. Kg1 Bb3 46. Rd2 Rgd6 47. Qb6 R8d7 48. Qa7 Rxd4 49. Rxd4 Qxd4 50. Qb8+ Kf7 51. Rc5 Be6 52. Rc1 Qf6 53. a4 h5 54. Qa7 Qd4 55. Qb8 Qf6 56. Qa7 Qb2 57. Qc5 Bd5 0-1

[Event "Paks op-A"]
[Site "Paks"]
[Date "2009.10.02"]
[Round "5"]
[White "Marosi, Csaba"]
[Black "Fodor, Tamas Sr"]
[Result "0-1"]
[WhiteElo "2152"]
[BlackElo "2024"]
[PlyCount "60"]
[EventDate "2009.09.30"]
[EventType "swiss"]
[EventRounds "7"]
[EventCountry "HUN"]
[SourceTitle "EXT 2011"]
[Source "ChessBase"]
[SourceDate "2010.11.26"]
[SourceVersion "1"]
[SourceVersionDate "2010.11.26"]
[SourceQuality "1"]

1. c4 Nf6 2. Nc3 e6 3. e4 d5 4. cxd5 exd5 5. e5 Ng4 6. d4 Be6 7. h3 Nh6 8. Bxh6 gxh6 9. Qb3 b6 10. Bd3 Bg7 11. Nge2 0-0 12. f4 c5 13. Qc2 f6 14. Bxh7+ Kh8 15. 0-0-0 Nc6 16. dxc5 fxe5 17. f5 Bf7 18. Bg6 Nb4 19. Qd2 d4 20. Ne4 Nxa2+ 21. Kb1 Bxg6 22. fxg6 Qd5 23. Nd6 Nb4 24. Nc3 Qb3 25. Nf7+ Rxf7 26. gxf7 Rc8 27. Rdf1 Rf8 28. Qd1 Qe6 29. Na4 e4 30. b3 d3 0-1

[Event "Paks op-A"]
[Site "Paks"]
[Date "2009.09.30"]
[Round "1"]
[White "Fodor, Tamas Sr"]
[Black "Juhasz, Barbara"]
[Result "1-0"]
[WhiteElo "2024"]
[BlackElo "1880"]
[PlyCount "129"]
[EventDate "2009.09.30"]
[EventType "swiss"]
[EventRounds "7"]
[EventCountry "HUN"]
[SourceTitle "EXT 2011"]
[Source "ChessBase"]
[SourceDate "2010.11.26"]
[SourceVersion "1"]
[SourceVersionDate "2010.11.26"]
[SourceQuality "1"]

1. d4 Nf6 2. c4 g6 3. Nc3 Bg7 4. e4 d6 5. Nf3 0-0 6. Be2 Nbd7 7. 0-0 e5 8. Be3 a5 9. dxe5 dxe5 10. Qc2 b6 11. Rfd1 Re8 12. c5 Bb7 13. Bb5 c6 14. Bf1 Ng4 15. Bg5 Ngf6 16. Na4 Qc7 17. cxb6 Nxb6 18. Nc5 Nbd7 19. Bxf6 Nxf6 20. Bc4 h6 21. Rd2 Re7 22. Rad1 Rb8 23. h3 Kh7 24. Be2 Bc8 25. b3 Nh5 26. Nh2 Nf4 27. Bg4 Rb4 28. Rd8 Bxg4 29. Nxg4 Rd4 30. Ra8 Ne6 31. Nxe6 Rxe6 32. Ne3 Re7 33. Nc4 Qd7 34. Rc1 Qc7 35. Nxa5 c5 36. Nc4 Qb7 37. Ra4 Red7 38. Kh2 Qb5 39. Na3 Qb6 40. Nc4 Qb7 41. Nb2 Qb6 42. Rc4 Rxc4 43. Nxc4 Qb4 44. Nb2 Bf8 45. Qc4 Qa5 46. Na4 Kg8 47. Qc3 Qc7 48. Nb2 Rd4 49. Nc4 Bg7 50. Qa5 Qc6 51. Qb6 Qc8 52. Qa7 h5 53. Nb6 Qe6 54. Nd5 Bf8 55. Qb6 Qc8 56. Qf6 Qb8 57. Qc6 Kh8 58. Nb6 Qd8 59. Nd5 Qb8 60. f3 Bg7 61. Rc2 Qd8 62. Qxc5 Qg5 63. Qe7 f6 64. Rc7 Qh6 65. Qf7 1-0

[Event "HUN-chT2 Charousek 0809"]
[Site "Hungary"]
[Date "2008.11.02"]
[Round "2"]
[White "Fodor, Tamas Sr"]
[Black "Bakacs, Ferenc"]
[Result "1-0"]
[WhiteElo "2010"]
[BlackElo "1840"]
[PlyCount "47"]
[EventDate "2008.10.26"]
[EventType "team-tourn"]
[EventRounds "11"]
[EventCountry "HUN"]
[SourceTitle "EXT 2010"]
[Source "ChessBase"]
[SourceDate "2010.11.25"]
[SourceVersion "1"]
[SourceVersionDate "2010.11.25"]
[SourceQuality "1"]
[WhiteTeam "Paks II"]
[BlackTeam "Hobagoly"]
[WhiteTeamCountry "HUN"]
[BlackTeamCountry "HUN"]

1. d4 d5 2. c4 c6 3. Nf3 Bf5 4. e3 e6 5. Be2 Nd7 6. 0-0 Bd6 7. Nc3 h6 8. Re1 g5 9. Nd2 Ngf6 10. Nf1 h5 11. Bd3 Bxd3 12. Qxd3 Qb8 13. f3 g4 14. e4 gxf3 15. Qxf3 dxe4 16. Nxe4 Nxe4 17. Rxe4 Qd8 18. Bd2 Qe7 19. Bc3 Rh7 20. a3 0-0-0 21. b4 Nf6 22. Re2 Rg8 23. d5 cxd5 24. Bxf6 1-0

[Event "HUN-chT2 Charousek 0607"]
[Site "Hungary"]
[Date "2007.03.25"]
[Round "7"]
[White "Fodor, Tamas Sr"]
[Black "Konig, Balazs"]
[Result "1/2-1/2"]
[WhiteElo "2022"]
[BlackElo "2230"]
[PlyCount "112"]
[EventDate "2006.11.12"]
[EventType "team"]
[EventRounds "11"]
[EventCountry "HUN"]
[SourceTitle "EXT 2008"]
[Source "ChessBase"]
[SourceDate "2007.11.25"]
[SourceVersion "1"]
[SourceVersionDate "2007.11.25"]
[SourceQuality "1"]
[WhiteTeam "Paks II"]
[BlackTeam "Pannonpower"]
[WhiteTeamCountry "HUN"]
[BlackTeamCountry "HUN"]

1. d4 Nf6 2. Nf3 c5 3. d5 g6 4. Nc3 d6 5. e4 Bg7 6. Be2 0-0 7. 0-0 e5 8. Nd2 Ne8 9. a4 Nd7 10. a5 f5 11. Nc4 f4 12. Bg4 Ndf6 13. Bxc8 Qxc8 14. Ra3 Rf7 15. Kh1 Bf8 16. Qd3 g5 17. Ne2 Rg7 18. Bd2 h5 19. Be1 Be7 20. f3 Qd7 21. Rb3 Rb8 22. Ng1 Nh7 23. Qe2 Bd8 24. Bd2 Nc7 25. Bc3 Ne8 26. Na3 Nhf6 27. Rd1 h4 28. h3 Kf8 29. Be1 Nh5 30. Qd3 Ng3+ 31. Kh2 Nf6 32. Nc4 Ne8 33. Ra1 Nc7 34. Ne2 Nxe2 35. Qxe2 Na6 36. Bd2 Kf7 37. Qe1 Kf6 38. Qe2 Re7 39. Na3 Nc7 40. Qc4 Na6 41. Nb5 Ra8 42. Rba3 Nc7 43. Nc3 Na6 44. Nb5 Nc7 45. Nxc7 Bxc7 46. Rb3 Bd8 47. a6 b6 48. Rb5 Bc7 49. b4 Ree8 50. bxc5 dxc5 51. Rb3 Bd6 52. Bc3 Rab8 53. Rab1 Rec8 54. Rb5 Qc7 55. Kh1 Rd8 56. Ra1 Rdc8 1/2-1/2

[Event "HUN-chT2 Charousek 0506"]
[Site "Hungary"]
[Date "2005.12.04"]
[Round "5"]
[White "Szittar, Antal"]
[Black "Fodor, Tamas Sr"]
[Result "1-0"]
[WhiteElo "2073"]
[BlackElo "2002"]
[PlyCount "122"]
[EventDate "2005.10.16"]
[EventType "team"]
[EventRounds "11"]
[EventCountry "HUN"]
[SourceTitle "EXT 2009"]
[Source "ChessBase"]
[SourceDate "2008.11.26"]
[SourceVersion "1"]
[SourceVersionDate "2008.11.26"]
[SourceQuality "1"]
[WhiteTeam "Keszthely"]
[BlackTeam "Paks II"]
[WhiteTeamCountry "HUN"]
[BlackTeamCountry "HUN"]

1. e4 e6 2. d4 d5 3. Nd2 Nf6 4. e5 Nfd7 5. Ngf3 c5 6. c3 Nc6 7. Be2 f6 8. exf6 Qxf6 9. Nb3 b6 10. Bg5 Qf7 11. h4 Bd6 12. 0-0 0-0 13. c4 Nxd4 14. Nbxd4 cxd4 15. Nxd4 e5 16. Nb5 Bc5 17. Qxd5 Qxd5 18. cxd5 Bb7 19. Nc7 Rac8 20. Ne6 Rfe8 21. Bb5 Bxd5 22. Nxc5 Rxc5 23. Bxd7 Rb8 24. Rfd1 Bf7 25. b3 Bh5 26. g4 Bf7 27. Rac1 Ra5 28. Rc8+ Rxc8 29. Bxc8 h6 30. Be7 Rxa2 31. Rd8+ Kh7 32. b4 h5 33. g5 Bg6 34. Rf8 Rd2 35. Be6 Rd4 36. Bf5 Rxh4 37. Bxg6+ Kxg6 38. Ra8 a5 39. bxa5 bxa5 40. Rxa5 Kf5 41. f3 Rc4 42. Bd6 Kxg5 43. Rxe5+ Kg6 44. Kf2 Rc6 45. Be7 Kf7 46. Bh4 Kg6 47. Kg3 Rc4 48. Bg5 Ra4 49. Be3 Ra3 50. Re4 Kf5 51. Re8 g6 52. Rf8+ Ke6 53. Bg5 Ke5 54. Rf6 Ra8 55. f4+ Ke4 56. Re6+ Kd5 57. Rxg6 Ra1 58. Rh6 Ke4 59. Rxh5 Kf5 60. Bh4+ Kg6 61. Rg5+ Kh6 1-0

[Event "HUN-chT2 Asztalos 0405"]
[Site "Hungary"]
[Date "2005.02.20"]
[Round "8"]
[White "Fodor, Tamas Sr"]
[Black "Szijarto, Attila"]
[Result "0-1"]
[WhiteElo "1999"]
[BlackElo "1938"]
[PlyCount "46"]
[EventDate "2004.09.26"]
[EventType "team"]
[EventRounds "11"]
[EventCountry "HUN"]
[SourceTitle "EXT 2009"]
[Source "ChessBase"]
[SourceDate "2008.11.26"]
[SourceVersion "1"]
[SourceVersionDate "2008.11.26"]
[SourceQuality "1"]
[WhiteTeam "Paks II"]
[BlackTeam "Nagyatad"]
[WhiteTeamCountry "HUN"]
[BlackTeamCountry "HUN"]

1. d4 Nf6 2. c4 e5 3. d5 Bc5 4. Nc3 Ng4 5. e3 d6 6. Qf3 f5 7. Bd2 0-0 8. Na4 f4 9. exf4 Bxf2+ 10. Kd1 e4 11. Qe2 Bd4 12. Nh3 Qe8 13. Nc3 e3 14. Be1 Bf5 15. Kc1 c6 16. Qf3 Na6 17. a3 Nc5 18. Ra2 Nb3+ 19. Kd1 Qg6 20. Bh4 Nxh2 21. Qg3 Bg4+ 22. Be2 Bxe2+ 23. Kxe2 Qc2+ 0-1

[Event "HUN-chT2 Charousek 0304"]
[Site "Hungary"]
[Date "2004.03.21"]
[Round "9"]
[White "Jachym, Dorina"]
[Black "Fodor, Tamas Sr"]
[Result "1/2-1/2"]
[WhiteElo "1899"]
[BlackElo "2060"]
[PlyCount "165"]
[EventDate "2003.09.28"]
[EventType "team"]
[EventRounds "11"]
[EventCountry "HUN"]
[SourceTitle "EXT 2005"]
[Source "ChessBase"]
[SourceDate "2004.11.15"]
[SourceVersion "1"]
[SourceVersionDate "2004.11.15"]
[SourceQuality "1"]

1. e4 e6 2. d4 d5 3. Nd2 Nc6 4. Ngf3 Nf6 5. e5 Nd7 6. Bb5 Be7 7. 0-0 0-0 8. Nb3 Ndb8 9. Bf4 b6 10. c3 Ba6 11. Bxa6 Nxa6 12. Qe2 Nab8 13. Rac1 a5 14. a4 Qc8 15. h4 Qa6 16. Rfe1 Rc8 17. Bg5 Bf8 18. Nbd2 h6 19. Be3 Ne7 20. c4 dxc4 21. Nxc4 Nd5 22. Nfd2 Qb7 23. Ne4 Nc6 24. Qg4 Kh8 25. Qh5 Kg8 26. Qg4 Kh7 27. Qh5 Kg8 28. Qg4 Nxe3 29. Rxe3 Ne7 30. Nf6+ Kh8 31. Nd7 Nf5 32. Rf3 Be7 33. Ne3 g6 34. Nxf5 exf5 35. Qf4 Kg7 36. Nf6 Bxf6 37. exf6+ Kh7 38. h5 c5 39. Rh3 Rg8 40. hxg6+ Rxg6 41. g3 cxd4 42. Qxd4 Re8 43. Kh2 Re6 44. Qf4 Qe4 45. Rh4 Qxf4 46. Rxf4 Rgxf6 47. Rcc4 Kg6 48. Kg2 Rc6 49. Rxc6 Rxc6 50. b4 Kf6 51. bxa5 bxa5 52. Kf3 Rc3+ 53. Ke2 h5 54. Kd2 Ra3 55. Rc4 Kg5 56. Ke2 Kf6 57. Rc6+ Ke7 58. Rc5 Rxa4 59. Rxf5 Ra2+ 60. Kf3 Ke6 61. Rxh5 f5 62. Rh6+ Ke5 63. Ra6 Ra3+ 64. Kg2 Ra2 65. Kf3 Ra1 66. Ke2 Ke4 67. Re6+ Kd5 68. Rf6 Ke5 69. Ra6 Kd5 70. Kf3 Ra3+ 71. Ke2 a4 72. Ra5+ Ke4 73. f3+ Kd4 74. Rxf5 Ra2+ 75. Kf1 a3 76. Ke1 Kc3 77. Kd1 Rd2+ 78. Kc1 Rc2+ 79. Kb1 Rb2+ 80. Ka1 Rf2 81. Ra5 Kb4 82. Ra8 Rxf3 83. Rb8+ 1/2-1/2

[Event "HUN-chT2 Charousek 0304"]
[Site "Hungary"]
[Date "2004.02.22"]
[Round "8"]
[White "Ormos, Gaszton"]
[Black "Fodor, Tamas Sr"]
[Result "0-1"]
[WhiteElo "2006"]
[BlackElo "2060"]
[PlyCount "68"]
[EventDate "2003.09.28"]
[EventType "team"]
[EventRounds "11"]
[EventCountry "HUN"]
[SourceTitle "EXT 2005"]
[Source "ChessBase"]
[SourceDate "2004.11.15"]
[SourceVersion "1"]
[SourceVersionDate "2004.11.15"]
[SourceQuality "1"]

1. Nf3 b6 2. c4 Bb7 3. Nc3 e6 4. e4 Bb4 5. Qc2 Nf6 6. e5 Ng4 7. d4 h5 8. Bg5 Be7 9. h3 Nxe5 10. dxe5 Bxg5 11. Ne4 Be7 12. h4 Na6 13. a3 Nc5 14. Neg5 a5 15. Rd1 Qc8 16. Rd4 Bxf3 17. gxf3 Bxg5 18. hxg5 g6 19. Rf4 Qd8 20. Rf6 Qe7 21. Rh4 d6 22. exd6 cxd6 23. Rhf4 0-0 24. Bd3 e5 25. Rh4 Nd7 26. Bxg6 Nxf6 27. gxf6 Qxf6 28. Bh7+ Kg7 29. Rxh5 Rh8 30. Be4 Rxh5 31. Bxa8 Rh1+ 32. Ke2 Qf4 33. Qd3 Qc1 34. Qxd6 Re1+ 0-1

[Event "HUN-chT2 Charousek 0304"]
[Site "Hungary"]
[Date "2003.12.21"]
[Round "1"]
[White "Vajda, Ildiko"]
[Black "Fodor, Tamas Sr"]
[Result "0-1"]
[WhiteElo "1722"]
[BlackElo "2060"]
[PlyCount "92"]
[EventDate "2003.09.28"]
[EventType "team"]
[EventRounds "11"]
[EventCountry "HUN"]
[SourceTitle "EXT 2005"]
[Source "ChessBase"]
[SourceDate "2004.11.15"]
[SourceVersion "1"]
[SourceVersionDate "2004.11.15"]
[SourceQuality "1"]

1. d4 Nf6 2. c4 e6 3. Nc3 Bb4 4. Nf3 0-0 5. Bf4 b6 6. h3 Bb7 7. e3 d5 8. Bd3 dxc4 9. Bxc4 Nd5 10. Bxd5 exd5 11. Qc2 Nd7 12. 0-0 c6 13. Ng5 g6 14. Qe2 Be7 15. Nf3 Re8 16. Rfc1 Bf6 17. Qd3 Qe7 18. a3 a5 19. Na4 Ba6 20. Qc2 Rac8 21. b4 c5 22. Nxb6 Nxb6 23. bxc5 Nc4 24. Nd2 Qd7 25. Rcb1 Bd8 26. Nf3 Bc7 27. Bxc7 Rxc7 28. Nd2 Kg7 29. Qc3 Qa4 30. Nxc4 Qxc4 31. Qxc4 Bxc4 32. Rc1 Rb8 33. e4 Rb3 34. exd5 Bxd5 35. Rcb1 a4 36. Kf1 Re7 37. f3 Kf6 38. Rc1 Ke6 39. Rcb1 Bc4+ 40. Kf2 Kd5 41. Rd1 Re2+ 42. Kg3 Rbb2 43. Rac1 Rxg2+ 44. Kf4 Bb5 45. Rb1 Rb3 46. Rbc1 Bc6 0-1

[Event "HUN-chT2 Charousek 0304"]
[Site "Hungary"]
[Date "2003.10.05"]
[Round "2"]
[White "Szobi, Laszlo"]
[Black "Fodor, Tamas Sr"]
[Result "0-1"]
[WhiteElo "1721"]
[BlackElo "2060"]
[PlyCount "80"]
[EventDate "2003.09.28"]
[EventType "team"]
[EventRounds "11"]
[EventCountry "HUN"]
[SourceTitle "EXT 2005"]
[Source "ChessBase"]
[SourceDate "2004.11.15"]
[SourceVersion "1"]
[SourceVersionDate "2004.11.15"]
[SourceQuality "1"]

1. d4 Nf6 2. c4 e6 3. Nf3 d5 4. e3 Be7 5. Nc3 0-0 6. Bd2 Nbd7 7. c5 c6 8. Bd3 Qc7 9. b4 e5 10. Nxe5 Nxe5 11. dxe5 Qxe5 12. Ne2 Ne4 13. Rc1 Qg5 14. Bxe4 dxe4 15. Nf4 Qf5 16. h4 Rd8 17. Qe2 b5 18. Bc3 a5 19. a3 Bd7 20. Qb2 Bf8 21. h5 axb4 22. axb4 h6 23. Rg1 Qg4 24. Qc2 Bf5 25. Be5 Rd7 26. Rd1 Rda7 27. Rb1 Be7 28. Bd4 Qh4 29. Qc3 Ra2 30. Rf1 R8a3 31. Rb3 Ra1+ 32. Qxa1 Rxa1+ 33. Bxa1 Bg5 34. Be5 Bxf4 35. Bxf4 Be6 36. Ra3 Qxh5 37. Kd2 Qd5+ 38. Ke1 Qc4 39. Ra8+ Kh7 40. Bd6 Qxb4+ 0-1